[Event "Heraklion Gazi op"]
[Site "Heraklion"]
[Date "2005.10.01"]
[Round "6"]
[White "Stefanatos, Nikolaos"]
[Black "Lioritis, Ioannis"]
[Result "1-0"]
[WhiteElo "1005"]
[BlackElo "1000"]
[PlyCount "119"]
[EventDate "2005.09.27"]
[EventType "swiss"]
[EventRounds "7"]
[EventCountry "GRE"]
[SourceTitle "EXT 2007"]
[Source "ChessBase"]
[SourceDate "2006.11.23"]
[SourceVersion "1"]
[SourceVersionDate "2006.11.23"]
[SourceQuality "1"]

1. e4 c6 2. d4 d5 3. Nc3 Nf6 4. e5 Ne4 5. Bd3 Bf5 6. Qe2 Nxc3 7. bxc3 e6 8. Qf3 Bxd3 9. Qxd3 Nd7 10. Ne2 Nb6 11. 0-0 Be7 12. Qg3 0-0 13. Bh6 g6 14. Bxf8 Bxf8 15. Nf4 Bg7 16. h4 Kh8 17. h5 c5 18. hxg6 hxg6 19. Qh3+ Kg8 20. g3 Na4 21. Qh4 g5 22. Qg4 gxf4 23. Qxf4 Nxc3 24. Qe3 cxd4 25. Qd3 Bxe5 26. Kg2 Bg7 27. Rh1 f6 28. Qxd4 f5 29. Qh4 Qxh4 30. Rxh4 Bf6 31. Rb4 Na4 32. Rab1 Nc5 33. Rb5 Bd4 34. c3 a6 35. Rb6 Bxc3 36. Rh1 Kg7 37. Kf3 Re8 38. Rc1 Bd4 39. Rb4 e5 40. Ke2 Rh8 41. f4 Rh2+ 42. Kd1 e4 43. Rxd4 Rxa2 44. Rxc5 Ra3 45. Rc7+ Kf6 46. Rxd5 Ke6 47. Rcd7 Rd3+ 48. Rxd3 exd3 49. Rxb7 Kd5 50. Rd7+ Ke4 51. Kd2 Kf3 52. Rxd3+ Ke4 53. Ra3 a5 54. Rxa5 Kf3 55. Ra3+ Kg4 56. Re3 Kh3 57. Kd3 Kg4 58. Kd4 Kh3 59. Ke5 Kg4 60. Kf6 1-0